Statistics for Countries with the Shortest Land Borders A-Z

Click here to take the quiz!

General Stats

  • This quiz has been taken 93 times
  • The average score is 16 of 24

Answer Stats

Total (km) Country Bordering Countries % Correct
Q60QatarSaudi Arabia
94%
Y1,746YemenOman, Saudi Arabia
91%
V3.2Vatican CityItaly
91%
O1,374OmanSaudi Arabia, UAE, Yemen
90%
A120AndorraFrance, Spain
89%
M4.4MonacoFrance
87%
Z3,066ZimbabweBotswana, Mozambique, South Africa, Zambia
86%
H360HaitiDominican Republic
80%
S39San MarinoItaly
80%
L76LiechtensteinAustria, Switzerland
78%
J1,635JordanIraq, Israel, Saudi Arabia, Syria
76%
D68DenmarkGermany
70%
R893RwandaBurundi, DRC, Tanzania, Uganda
70%
I499IrelandUnited Kingdom
67%
E228East TimorIndonesia
67%
B381BruneiMalaysia
63%
F2,690FinlandNorway, Sweden, Russia
61%
K462KuwaitIraq, Saudi Arabia
56%
U499United KingdomIreland
54%
P555PanamaColombia, Costa Rica
52%
G724Guinea-BissauGuinea, Senegal
42%
N1,027NetherlandsBelgium, Germany
38%
C639Costa RicaNicaragua, Panama
35%
T1,424TunisiaAlgeria, Libya
24%

Score Distribution

Percentile by Number Answered

Percent of People with Each Score

Your Score History

You have not taken this quiz